000 00467nam a22001577a 4500
005 20251108165827.0
008 250721s1991 xx 000 0 ara d
082 1 4 _aط/216.22/ريا
100 1 _aأبو الرب، رياض صالح
245 1 0 _aالطريقة الحديثة لتعليم الصلاة بسهولة و يسر /
264 1 _aاربد :
_bالمؤلف،
_c1991.
300 _a15ص0
650 1 7 _aالصلاة
942 _2ddc
_cBK
999 _c32299
_d32299